000 01572nam a2200229 a 4500
001 000013287
005 20200929163203.0
008 081117s1993 dr ac 000 0 spa d
040 _aDO-SdBNP
_bspa
_cBNPHU
100 1 _aCastillo Acosta, Luis
_91251
245 1 0 _aMatemática :
_beducación primaria. /
_cLuis Castillo Acosta, Laura Mínguez de Valero, Iris Cristina Sánchez ; ilustraciones Miguel Cepeda.
250 _a3a. ed.
260 _aSanto Domingo, :
_bDisesa,
_c1993.
300 _av. :
_bil., retrs. ;
_c27 cm.
500 _aEducación primaria.
500 _aLa biblioteca solamente posee el volumen 5.
500 _aEl contenido de este libro ha sido realizado siguiendo los objetivos, contenidos y actividades del programa de 5to. grado del nivel primario de la Secretaría de Estado de Educación, Bellas Artes y Cultos
505 0 _av. 5 :
_tPrólogo --
_tProgramación --
_tEl número natural --
_tAdición y sustración de los números naturales --
_tLa multiplicación de números naturales --
_tDivisión de números naturales --
_tConjuntos --
_tFactores o divisores de un número --
_tLas fracciones --
_tSuma y resta de fracciones --
_tMultiplicación y división de fracciones --
_tLos decimales, la suma y la resta --
_tMultiplicación y división de decimales --
_tRazón, proporción y tanto por ciento --
_tUnidades de longitud --
_tLos polígonos --
_tLa circunferencia --
_tMedidad de superficie --
_tCuerpos geométricos --
700 1 _aMínguez de Valero, Laura
_91250
700 1 _aSánchez, Iris Cristina
_91253
700 1 _aCepeda, Miguel
_eil.
_91255
999 _c12917
_d12917